[Event "chess.com SpeedChess Q1Sw"]
[Site "chess.com INT"]
[Date "2022.11.10"]
[Round "4"]
[White "Chigaev, Maksim"]
[Black "Svane, Rasmus"]
[Result "0-1"]
[WhiteTitle "GM"]
[BlackTitle "GM"]
[WhiteElo "2632"]
[BlackElo "2619"]
[WhiteFideId "4108116"]
[BlackFideId "4657101"]
[EventDate "2022.11.10"]

1. Nf3 d5 2. c4 e6 3. g3 dxc4 4. Bg2 a6 5. a4 Nc6 6. O-O Nf6 7. Qc2 Na5 8. Na3
Qd5 9. Rd1 Nb3 10. Rb1 Bxa3 11. bxa3 O-O 12. Bb2 Na5 13. Ne5 Qc5 14. d4 Qd6 15.
Bc3 Nc6 16. Nxc6 bxc6 17. Bb4 Qd7 18. Bxf8 Kxf8 19. Qxc4 Nd5 20. a5 Qd6 21. e4
Ne7 22. Qb4 Bd7 23. Qxd6 cxd6 24. Rb7 Ke8 25. Rdb1 Bc8 26. Rb8 Ra7 27. Kf1 Rc7
28. Ke2 c5 29. dxc5 Rxc5 30. Bf1 Rxa5 31. Ra8 Kd7 32. Kf3 Rxa3+ 33. Kg2 Nc6 34.
Bb5 Rc3 35. Bxa6 Bxa6 36. Rxa6 Kc7 37. Ra8 g5 38. Rf8 Ne5 39. f4 Rc2+ 40. Kh3
g4+ 41. Kh4 Rxh2+ 42. Kg5 h6+ 43. Kf6 Nd7+ 44. Kxf7 Nxf8 45. Kxf8 Rg2 46. Ke7
Rxg3 47. Rc1+ Kb6 48. Kxe6 h5 49. f5 h4 50. f6 Rf3 51. Kxd6 Rxf6+ 52. Ke5 Rf3
53. Rh1 h3 54. Kd6 g3 55. Rxh3 g2 56. Rxf3 g1=Q 57. Rf5 Qd4+ 58. Rd5 Qxe4 59.
Re5 Qg6+ 60. Re6 Qd3+ 61. Ke5+ Kc5 62. Rf6 Qe3+ 63. Kf5 Kd5 64. Kg6 Qg3+ 65. Kf5
Qf3+ 66. Kg6 Qg4+ 67. Kf7 Ke5 68. Rg6 Qd7+ 69. Kg8 Kf5 70. Rh6 Kg5 71. Rh2 Qc8+
72. Kg7 Qc7+ 0-1

[Event "chess.com SpeedChess Q1Sw"]
[Site "chess.com INT"]
[Date "2022.11.10"]
[Round "4"]
[White "Balaji, Aaravamudhan"]
[Black "De Silva, L M S T"]
[Result "0-1"]
[WhiteTitle "CM"]
[BlackTitle "IM"]
[WhiteElo "2353"]
[BlackElo "2521"]
[WhiteFideId "436224"]
[BlackFideId "9953698"]
[EventDate "2022.11.10"]

1. Nf3 Nf6 2. g3 b6 3. Bg2 Bb7 4. O-O e6 5. d3 d5 6. Nbd2 Be7 7. e4 dxe4 8. dxe4
c5 9. e5 Nfd7 10. h4 Nc6 11. Re1 Qc7 12. Nc4 O-O 13. Bf4 Rad8 14. Qc1 Nd4 15.
Re3 Nxf3+ 16. Bxf3 Bxf3 17. Rxf3 b5 18. Nd6 Bxd6 19. exd6 Qc6 20. Rd3 e5 21. Bg5
f6 22. Be3 Nb6 23. Qd1 Nc4 24. Qg4 Rxd6 25. Rxd6 Qxd6 26. Rd1 Nxe3 27. fxe3 Qc6
28. Rd7 g6 29. Qd1 Qe4 30. Kf2 f5 31. Qd5+ Qxd5 32. Rxd5 e4 33. Rxc5 Rd8 34. Ke2
a6 35. Rc6 Ra8 36. Rc7 Rf8 37. b3 Rf7 38. Rc6 Ra7 39. c4 Kg7 40. Kd2 Kh6 41. c5
b4 42. Ke2 Kh5 43. Kf2 a5 44. Rd6 a4 45. c6 axb3 46. axb3 Ra2+ 47. Ke1 Rc2 48.
Kd1 Rc3 49. Kd2 Kg4 50. Ke2 Kxg3 51. h5 gxh5 52. Rh6 h4 53. Rxh7 Rc2+ 54. Kf1
Rxc6 55. Rf7 Rc5 56. Ke2 h3 57. Rg7+ Kh2 58. Kf1 Rc1+ 59. Kf2 Rc2+ 60. Kf1 Rg2
61. Rf7 Rg5 62. Kf2 Rg2+ 63. Kf1 Rb2 64. Rxf5 Kg3 65. Rh5 Rxb3 66. Ke2 Rb2+ 67.
Ke1 b3 68. Rg5+ Kf3 69. Rh5 h2 70. Rh3+ Kg4 0-1

[Event "chess.com SpeedChess Q1Sw"]
[Site "chess.com INT"]
[Date "2022.11.10"]
[Round "4"]
[White "Mamedyarov, Shakhriyar"]
[Black "Deac, Bogdan-Daniel"]
[Result "1/2-1/2"]
[WhiteTitle "GM"]
[BlackTitle "GM"]
[WhiteElo "2741"]
[BlackElo "2700"]
[WhiteFideId "13401319"]
[BlackFideId "1226380"]
[EventDate "2022.11.10"]

1. d4 Nf6 2. c4 e6 3. Nc3 Bb4 4. Qc2 d5 5. cxd5 exd5 6. Bg5 h6 7. Bh4 c5 8. dxc5
g5 9. Bg3 Ne4 10. e3 Qa5 11. Rc1 Qxa2 12. Bb5+ Bd7 13. Bxd7+ Nxd7 14. Ne2 Nxc3
15. Nxc3 Qc4 16. Rd1 Nxc5 17. Rd4 Qa6 18. h4 Rg8 19. Rxd5 Rd8 20. Rxd8+ Kxd8 21.
hxg5 hxg5 22. Rh7 Ke8 23. Kd2 Qg6 24. Qxg6 Rxg6 25. f3 Na4 26. Kc2 Nxc3 27. bxc3
Bd6 28. Be1 a6 29. e4 b5 30. Bd2 Bf4 31. Be1 Bd6 32. Rh8+ Kd7 33. Ra8 Bc7 34.
Bd2 g4 35. f4 Rf6 36. e5 Rc6 37. Rg8 b4 38. Kb3 bxc3 39. Bxc3 Rb6+ 40. Kc2 Rc6
41. Kd3 Ke6 42. Rxg4 a5 43. Rg8 Ra6 44. g4 a4 45. Re8+ Kd7 46. Rf8 Ke7 47. Rc8
Kd7 48. Rh8 a3 49. Rh1 a2 50. Kc4 Ra4+ 51. Kb3 Rxf4 52. Ra1 Rxg4 53. Rxa2 Rg3
54. Kc4 Rxc3+ 55. Kxc3 Bxe5+ 56. Kc4 Ke6 57. Ra6+ Kf5 58. Kd5 f6 59. Ra2 Kf4 60.
Rf2+ Ke3 61. Rf1 Ke2 62. Rh1 Ke3 63. Rh4 Kf3 64. Re4 Bb2 65. Re1 Be5 66. Kc4 Kf2
67. Re4 Kf3 68. Kd3 Bf4 69. Re1 Bg3 70. Rf1+ Bf2 71. Rh1 f5 72. Rh3+ Bg3 73. Rh8
f4 74. Rf8 Bf2 75. Rxf4+ Kxf4 1/2-1/2

[Event "chess.com SpeedChess Q1Sw"]
[Site "chess.com INT"]
[Date "2022.11.10"]
[Round "4"]
[White "Ahn, Hongjin"]
[Black "Harsh, Suresh"]
[Result "0-1"]
[WhiteTitle "IM"]
[BlackTitle "FM"]
[WhiteElo "2282"]
[BlackElo "2280"]
[WhiteFideId "13201492"]
[BlackFideId "45018464"]
[EventDate "2022.11.10"]

1. c4 g6 2. d4 Bg7 3. e4 Nc6 4. Nf3 e5 5. d5 Nd4 6. Be3 c5 7. Nc3 d6 8. Bd3 Ne7
9. h3 O-O 10. Bxd4 cxd4 11. Nb5 a6 12. Na3 f5 13. Nd2 Bh6 14. O-O Bxd2 15. Qxd2
fxe4 16. Bxe4 Bf5 17. f3 Qb6 18. b4 a5 19. Nb5 Rf6 20. a4 Raf8 21. bxa5 Qc5 22.
Rae1 Bxe4 23. Rxe4 Nf5 24. Rfe1 Ne3 25. R1xe3 dxe3 26. Qxe3 Qb4 27. c5 Qxc5 28.
Qxc5 dxc5 29. Rxe5 Ra8 30. d6 Rf7 31. Rxc5 Rxa5 32. Rc8+ Kg7 33. Rc7 Rxa4 34. d7
Ra1+ 35. Kf2 Rd1 36. Rxb7 Rfxd7 37. Rb8 R7d2+ 38. Ke3 Rxg2 39. Rb7+ Kh6 40. Nd4
Rg3 41. Ne2 Rxh3 42. Nf4 Rh2 43. Rc7 Re1+ 44. Kd4 Rd2+ 45. Kc3 Rc1+ 46. Kxd2
Rxc7 47. Ke3 Re7+ 48. Kf2 Kg5 49. Nd3 h5 50. Kg3 Kf5 51. Nf2 Re3 52. Kg2 g5 53.
Nh3 Re2+ 54. Kg1 Rb2 55. Nf2 Ra2 56. Kg2 Rxf2+ 57. Kxf2 Kf4 58. Kg2 h4 59. Kh3
Kxf3 60. Kh2 g4 61. Kg1 Kg3 62. Kh1 Kf2 63. Kh2 g3+ 64. Kh3 g2 65. Kxh4 g1=Q 66.
Kh3 Qg5 67. Kh2 Qh4# 0-1

[Event "chess.com SpeedChess Q1Sw"]
[Site "chess.com INT"]
[Date "2022.11.10"]
[Round "4"]
[White "Pichot, Alan"]
[Black "Tsydypov, Zhamsaran"]
[Result "1-0"]
[WhiteTitle "GM"]
[BlackTitle "GM"]
[WhiteElo "2637"]
[BlackElo "2534"]
[WhiteFideId "110973"]
[BlackFideId "4108566"]
[EventDate "2022.11.10"]

1. e4 c6 2. d4 d5 3. e5 Bf5 4. h4 h6 5. Bd3 Bxd3 6. Qxd3 e6 7. c3 Nd7 8. Nf3 Qb6
9. h5 Qb5 10. Qe2 Ne7 11. a4 Qxe2+ 12. Kxe2 c5 13. Be3 Nf5 14. Nbd2 Rc8 15. g4
Nxe3 16. fxe3 Be7 17. a5 cxd4 18. exd4 f6 19. exf6 gxf6 20. Rae1 Rg8 21. Rhg1
Nb8 22. Kd1 Kd7 23. Nh4 Nc6 24. Ng6 Nxa5 25. Re2 Bd8 26. Nf3 Nc4 27. Rge1 Rc6
28. b3 Na5 29. Kc2 Bc7 30. Ra1 Rc8 31. Kb2 b6 32. Re3 Bb8 33. Rf1 Bc7 34. Ne1
Bd8 35. Nd3 Ke8 36. Ndf4 Kd7 37. Nxe6 Nb7 38. Nxd8 Kxd8 39. Re7 Na5 40. Rf3 R8c7
41. Rxc7 Kxc7 42. Ne7 Re6 43. Nxd5+ Kd6 44. Nxf6 Re2+ 45. Ka3 Rg2 46. g5 hxg5
47. Rh3 g4 48. Rh4 g3 49. h6 Rh2 50. Rg4 Rxh6 51. Ne4+ Kc6 52. Rxg3 Re6 53. Rg4
Kd5 54. Nd2 Re2 55. Rg5+ Kc6 56. Nf3 Re3 57. Ne5+ Kb7 58. Kb4 Re1 59. Rg7+ Ka6
60. Nd7 Nc6+ 61. Kc4 Rc1 62. d5 b5+ 63. Kc5 Rxc3+ 64. Kd6 Na5 65. b4 Nc4+ 66.
Kc5 Nb6+ 67. Kd6 Nc4+ 68. Kc5 Ne3+ 69. Kd4 Nf5+ 70. Kxc3 Nxg7 71. Kd4 Kb7 72.
Kc5 Kc7 73. Ne5 Nf5 74. Nf7 a6 75. Ng5 Nd6 76. Ne6+ Kd7 77. Kb6 Nc4+ 78. Kxa6
Ne3 79. Nf4 Kd6 80. Kxb5 Ke5 81. Kc5 Nf5 82. b5 Kxf4 83. b6 1-0

[Event "chess.com SpeedChess Q1Sw"]
[Site "chess.com INT"]
[Date "2022.11.10"]
[Round "4"]
[White "Salem, A.R. Saleh"]
[Black "Pranav, V"]
[Result "1/2-1/2"]
[WhiteTitle "GM"]
[BlackTitle "IM"]
[WhiteElo "2677"]
[BlackElo "2548"]
[WhiteFideId "9301348"]
[BlackFideId "25060783"]
[EventDate "2022.11.10"]

1. d4 Nf6 2. c4 e6 3. Nc3 Bb4 4. a3 Bxc3+ 5. bxc3 c5 6. f3 Qa5 7. Bd2 O-O 8. e4
d6 9. Bd3 Nc6 10. Ne2 e5 11. O-O Qd8 12. Be3 b6 13. Kh1 Na5 14. Bg5 h6 15. Bh4
g5 16. Be1 Nh5 17. g4 Ng7 18. d5 Ba6 19. Ng3 Bxc4 20. a4 a6 21. Bxc4 Nxc4 22.
Qe2 b5 23. Bf2 Qd7 24. Rfb1 Rfb8 25. Kg2 Na5 26. axb5 axb5 27. Ra2 Nc4 28. Rba1
Qb7 29. h4 f6 30. hxg5 hxg5 31. Rb1 Rxa2 32. Qxa2 Qd7 33. Rh1 Nb6 34. Qa1 Ra8
35. Qg1 Kf7 36. Rh7 Rg8 37. Nf5 Ke8 38. Bxc5 dxc5 39. Qxc5 Nc4 40. Nxg7+ Rxg7
41. Rxg7 Qxg7 42. Qxb5+ Qd7 43. Qxc4 Qa7 44. Qc8+ Kf7 45. Qe6+ Kg7 46. d6 Qa3
47. Qd7+ Kh6 48. Qe7 Qa2+ 49. Kg3 Kg6 50. Qe8+ Kg7 51. Qe7+ Kg6 52. Qe8+ Kg7 53.
d7 Qe2 54. Qe7+ Kg6 55. Qe8+ Kg7 56. Qe7+ Kg6 57. Qc5 Qe1+ 58. Qf2 Qd1 59. Qa7
Qe1+ 60. Kg2 Qe2+ 61. Qf2 Qd1 62. c4 Qxd7 63. Qc2 Qc6 64. c5 Kg7 65. Kg3 Kg6 66.
Qc3 Kg7 67. Qc1 Kg6 68. Qc2 Kg7 69. Qc4 Kf8 70. Qb4 Kg7 71. Qb6 Qa4 72. c6 Qa1
73. c7 Qe1+ 74. Kg2 Qe2+ 75. Qf2 Qc4 76. Qa7 Qe2+ 77. Kg3 Qe1+ 78. Kg2 Qe2+ 79.
Qf2 Qc4 80. Qa7 Qe2+ 1/2-1/2

[Event "chess.com SpeedChess Q1Sw"]
[Site "chess.com INT"]
[Date "2022.11.10"]
[Round "5"]
[White "Liyanage, Ranindu Dilshan"]
[Black "Bibilashvili, Lali"]
[Result "1-0"]
[WhiteTitle "FM"]
[BlackTitle "WCM"]
[WhiteElo "2331"]
[BlackElo "1919"]
[WhiteFideId "9915834"]
[BlackFideId "13604236"]
[EventDate "2022.11.10"]

1. d4 Nf6 2. Nc3 g6 3. e4 d6 4. f4 Bg7 5. Nf3 O-O 6. e5 Ne8 7. Bc4 h6 8. O-O c6
9. Qe2 d5 10. Bd3 Nc7 11. h3 Bf5 12. g4 Bxd3 13. Qxd3 e6 14. f5 g5 15. f6 Bh8
16. h4 c5 17. hxg5 cxd4 18. Nxd4 Nc6 19. gxh6 Nxe5 20. h7# 1-0

[Event "chess.com SpeedChess Q1Sw"]
[Site "chess.com INT"]
[Date "2022.11.10"]
[Round "5"]
[White "Gabrielian, Artur"]
[Black "Pap, Gyula"]
[Result "1-0"]
[WhiteTitle "GM"]
[BlackTitle "GM"]
[WhiteElo "2460"]
[BlackElo "2425"]
[WhiteFideId "4131002"]
[BlackFideId "725323"]
[EventDate "2022.11.10"]

1. e4 e5 2. Nf3 Nc6 3. Bc4 Nf6 4. d3 Be7 5. O-O O-O 6. Re1 d6 7. a4 Kh8 8. a5 a6
9. Nc3 Ng8 10. Nd5 f5 11. c3 Nf6 12. Ng5 Qe8 13. Nxc7 Qg6 14. Nxa8 f4 15. Ne6
Rg8 16. Nb6 f3 17. Qxf3 1-0

[Event "chess.com SpeedChess Q1Sw"]
[Site "chess.com INT"]
[Date "2022.11.10"]
[Round "5"]
[White "Danielyan, Vahe"]
[Black "Dixit, Nikhil"]
[Result "1-0"]
[WhiteTitle "IM"]
[BlackTitle "FM"]
[WhiteElo "2307"]
[BlackElo "2306"]
[WhiteFideId "13304828"]
[BlackFideId "5059534"]
[EventDate "2022.11.10"]

1. b3 a5 2. Bb2 a4 3. b4 b6 4. a3 Bb7 5. Nf3 Nf6 6. e3 e6 7. Be2 d5 8. d4 Nbd7
9. Nbd2 Bd6 10. c4 dxc4 11. Nxc4 O-O 12. O-O Qe7 13. Rc1 Rfc8 14. h3 Bd5 15.
Nfd2 Ne4 16. Nxd6 cxd6 17. Nxe4 Bxe4 18. Rxc8+ Rxc8 19. Qxa4 Rc2 20. Bb5 Rxb2
21. Bxd7 Qg5 22. g3 Qf5 23. Bc6 d5 24. Qa8# 1-0

[Event "chess.com SpeedChess Q1Sw"]
[Site "chess.com INT"]
[Date "2022.11.10"]
[Round "5"]
[White "Kravtsiv, Martyn"]
[Black "Mitrabha, Guha"]
[Result "1-0"]
[WhiteTitle "GM"]
[BlackTitle "GM"]
[WhiteElo "2598"]
[BlackElo "2474"]
[WhiteFideId "14113147"]
[BlackFideId "5057000"]
[EventDate "2022.11.10"]

1. e4 c6 2. Nf3 d5 3. d3 Nd7 4. e5 e6 5. d4 c5 6. c3 Ne7 7. Bd3 Nc6 8. O-O Be7
9. Re1 b6 10. a3 a5 11. Nbd2 Ba6 12. Nf1 Qc8 13. Bc2 b5 14. Ng3 b4 15. axb4 axb4
16. Bg5 Bf8 17. Nh5 h6 18. Bh4 Qb7 19. h3 Nb6 20. dxc5 Nc4 21. cxb4 Nxb2 22. Qb1
Qxb4 23. Ra2 g5 24. Rxb2 Qxc5 25. Ba4 gxh4 26. Rb6 Bb7 27. Rxb7 Rxa4 28. Nf6+
Kd8 29. Rd7+ 1-0

[Event "chess.com SpeedChess Q1Sw"]
[Site "chess.com INT"]
[Date "2022.11.10"]
[Round "5"]
[White "Matinian, Nikita"]
[Black "Ibarra Jerez, Jose Carlos"]
[Result "0-1"]
[WhiteTitle "GM"]
[BlackTitle "GM"]
[WhiteElo "2425"]
[BlackElo "2557"]
[WhiteFideId "24129100"]
[BlackFideId "2226332"]
[EventDate "2022.11.10"]

1. e4 c5 2. Nc3 Nc6 3. Bb5 Nd4 4. Nf3 e6 5. O-O a6 6. Bd3 Nc6 7. b3 g5 8. Bb2
Bg7 9. a4 d6 10. Qc1 g4 11. Ne1 Ne5 12. Be2 Qh4 13. Nd3 Ne7 14. Nxe5 Bxe5 15. g3
Qh3 16. Nd1 Nc6 17. Ne3 Rg8 18. Bxe5 Nxe5 19. Qd1 Rg6 20. Re1 Rh6 21. Nf1 Rf6
22. c3 b6 23. d4 Nf3+ 24. Bxf3 gxf3 25. Ne3 Bb7 26. d5 O-O-O 27. Qd3 Rh6 0-1

[Event "chess.com SpeedChess Q1Sw"]
[Site "chess.com INT"]
[Date "2022.11.10"]
[Round "5"]
[White "Boros, Denes"]
[Black "Nguyen Hong Nhung"]
[Result "1-0"]
[WhiteTitle "GM"]
[BlackTitle "WFM"]
[WhiteElo "2402"]
[BlackElo "2003"]
[WhiteFideId "722340"]
[BlackFideId "12412201"]
[EventDate "2022.11.10"]

1. Nf3 f5 2. d4 Nf6 3. Qd3 g6 4. Bf4 Bg7 5. h4 d6 6. Nbd2 Nc6 7. d5 Nb4 8. Qb5+
c6 9. Qxb4 Nxd5 10. Qc4 Nxf4 11. Qxf4 Bxb2 12. Rb1 Bf6 13. h5 e5 14. Qb4 g5 15.
e4 Rb8 16. exf5 Bxf5 17. Bd3 Be6 18. c4 Qd7 19. Ne4 Be7 20. Nexg5 d5 21. Qb2
Bxg5 22. Qxe5 Ke7 23. Qxg5+ Kd6 24. Qe5+ Kc5 25. Nd4 Rbe8 26. Nb3+ Kb4 27. Nd2+
Ka4 28. Bc2+ Ka3 29. Qb2# 1-0

[Event "chess.com SpeedChess Q1Sw"]
[Site "chess.com INT"]
[Date "2022.11.10"]
[Round "5"]
[White "Vokhidov, Shamsiddin"]
[Black "Deac, Bogdan-Daniel"]
[Result "1/2-1/2"]
[WhiteTitle "GM"]
[BlackTitle "GM"]
[WhiteElo "2568"]
[BlackElo "2700"]
[WhiteFideId "14204223"]
[BlackFideId "1226380"]
[EventDate "2022.11.10"]

1. e4 e5 2. Nf3 Nc6 3. Bb5 Nf6 4. O-O Nxe4 5. Re1 Nd6 6. a4 Be7 7. Nc3 a6 8. Bf1
e4 9. Nxe4 Nxe4 10. Rxe4 d5 11. Re1 Bg4 12. h3 Bh5 13. Be2 O-O 14. d4 Bd6 15.
Ne5 Bxe2 16. Rxe2 Ne7 17. Qd3 a5 18. Bd2 f6 19. Nf3 Qd7 20. b3 Ng6 21. Rae1 b6
22. h4 Rfe8 23. h5 Nf4 24. Rxe8+ Rxe8 25. Rxe8+ Qxe8 26. Bxf4 Bxf4 27. Qf5 Qe4
28. Qc8+ Kf7 29. Qd7+ Kf8 30. Qd8+ Kf7 31. Qd7+ Kf8 32. Qd8+ Kf7 33. Qd7+ 1/2-1/2

[Event "chess.com SpeedChess Q1Sw"]
[Site "chess.com INT"]
[Date "2022.11.10"]
[Round "5"]
[White "Manukyan, Sargis A."]
[Black "Sreyas, Payyappat"]
[Result "1-0"]
[WhiteTitle "FM"]
[BlackTitle "FM"]
[WhiteElo "2163"]
[BlackElo "2145"]
[WhiteFideId "13303970"]
[BlackFideId "46674969"]
[EventDate "2022.11.10"]

1. d4 Nf6 2. c4 c5 3. d5 e6 4. Nc3 exd5 5. cxd5 d6 6. Nf3 g6 7. Bf4 Bg7 8. e3
O-O 9. Be2 Bf5 10. h3 Re8 11. O-O Ne4 12. Rc1 a6 13. a4 Qb6 14. Nd2 Qxb2 15.
Ncxe4 Bxe4 16. Nc4 Qf6 17. Nxd6 Re7 18. Rxc5 Nd7 19. Rc7 Nb6 20. Nxe4 Rxe4 21.
Rxb7 Rd8 22. Bc7 Rxd5 23. Rb8+ Bf8 24. Rxb6 Rxd1 25. Rxf6 Rxf1+ 26. Bxf1 Rxa4
27. Rxa6 Rb4 28. Ra8 Rb1 1-0

[Event "chess.com SpeedChess Q1Sw"]
[Site "chess.com INT"]
[Date "2022.11.10"]
[Round "5"]
[White "Omariev, Maksim"]
[Black "Lewtak, Damian"]
[Result "1-0"]
[WhiteTitle "FM"]
[BlackTitle "IM"]
[WhiteElo "2304"]
[BlackElo "2385"]
[WhiteFideId "4193423"]
[BlackFideId "1141724"]
[EventDate "2022.11.10"]

1. g4 d5 2. Bg2 c6 3. h3 e5 4. d4 e4 5. c4 h5 6. g5 Bb4+ 7. Nc3 Ne7 8. Qb3 a5 9.
a3 dxc4 10. Qc2 Bxc3+ 11. Qxc3 Nd5 12. Qxc4 Bf5 13. h4 Nd7 14. Nh3 Qe7 15. Nf4
Nxf4 16. Bxf4 Nb6 17. Qc5 Qxc5 18. dxc5 Nd5 19. Bd6 Kd7 20. O-O-O Rhe8 21. Rd4
f6 22. gxf6 gxf6 23. e3 Re6 24. Bf1 Rg8 25. Bc4 Rg2 26. Bxd5 cxd5 27. Rxd5 Kc6
28. Rxf5 1-0

[Event "chess.com SpeedChess Q1Sw"]
[Site "chess.com INT"]
[Date "2022.11.10"]
[Round "5"]
[White "Samaganova, Aleksandra"]
[Black "Al-Tarboush, Ward"]
[Result "0-1"]
[WhiteTitle "WFM"]
[BlackTitle "FM"]
[WhiteElo "1884"]
[BlackElo "2238"]
[WhiteFideId "13800221"]
[BlackFideId "7601450"]
[EventDate "2022.11.10"]

1. c4 c5 2. Nc3 Nc6 3. g3 g6 4. Bg2 Bg7 5. a3 a6 6. Rb1 Rb8 7. b4 cxb4 8. axb4
b5 9. cxb5 axb5 10. e3 Nf6 11. d4 d5 12. Nge2 O-O 13. h3 Bf5 14. Rb3 Qd6 15. Ba3
Rfc8 16. O-O h5 17. Nf4 Ne4 18. Nfxd5 Nxc3 19. Nxc3 Nd8 20. Qd2 Be6 21. Rbb1 Bc4
22. Rfc1 e5 23. Rd1 exd4 24. exd4 Ne6 25. Ne4 Qd8 26. d5 Nd4 27. Bb2 Nb3 28. Qg5
Qxg5 29. Nxg5 Bh6 30. Ne4 Be2 31. Nf6+ Kh8 32. Re1 Bd3 0-1

[Event "chess.com SpeedChess Q1Sw"]
[Site "chess.com INT"]
[Date "2022.11.10"]
[Round "5"]
[White "Tsydypov, Zhamsaran"]
[Black "Aaditya, Dhingra"]
[Result "1-0"]
[WhiteTitle "GM"]
[BlackTitle "CM"]
[WhiteElo "2534"]
[BlackElo "2172"]
[WhiteFideId "4108566"]
[BlackFideId "25678191"]
[EventDate "2022.11.10"]

1. c4 Nf6 2. Nc3 g6 3. g3 Bg7 4. Bg2 O-O 5. Nf3 d6 6. O-O e5 7. d3 Nc6 8. Rb1 a5
9. a3 Re8 10. b4 axb4 11. axb4 e4 12. Ne1 exd3 13. exd3 Ng4 14. Nd5 Nd4 15. Ne3
h5 16. h3 Ne5 17. N1c2 Nxc2 18. Qxc2 Nc6 19. b5 Nd4 20. Qd1 Ra2 21. Kh2 Ne2 22.
Bd2 Nc3 23. Bxc3 Bxc3 24. Qb3 Rxf2 25. Rxf2 Bd4 26. Rbf1 Bxe3 27. Rxf7 Be6 28.
R7f6 Kg7 29. Qb2 Kh6 30. Be4 Bf5 31. Bxf5 1-0

[Event "chess.com SpeedChess Q1Sw"]
[Site "chess.com INT"]
[Date "2022.11.10"]
[Round "5"]
[White "Sarana, Alexey"]
[Black "Klukin, Kirill"]
[Result "1-0"]
[WhiteTitle "GM"]
[BlackTitle "IM"]
[WhiteElo "2668"]
[BlackElo "2390"]
[WhiteFideId "24133795"]
[BlackFideId "24199273"]
[EventDate "2022.11.10"]

1. c4 Nf6 2. Nc3 g6 3. e4 Bg7 4. d4 d6 5. Be2 O-O 6. Be3 Na6 7. Nf3 e5 8. d5 Ng4
9. Bg5 f6 10. Bh4 h5 11. Nd2 Nh6 12. f3 g5 13. Bf2 f5 14. Qc2 Qf6 15. O-O-O Nb4
16. Qb3 a5 17. Nb5 Rf7 18. Kb1 b6 19. h3 h4 20. a3 Na6 21. Qc3 Bd7 22. b4 axb4
23. axb4 c5 24. dxc6 Bxc6 25. Bd3 Nc7 26. Bxb6 Nxb5 27. cxb5 Bd7 28. Bc7 d5 29.
b6 d4 30. Qb3 Be6 31. Bc4 Bxc4 32. Qxc4 Rc8 33. b7 1-0

[Event "chess.com SpeedChess Q1Sw"]
[Site "chess.com INT"]
[Date "2022.11.10"]
[Round "5"]
[White "Riehle, Marco"]
[Black "Vantika, Agrawal"]
[Result "1-0"]
[WhiteTitle "FM"]
[BlackTitle "WGM"]
[WhiteElo "2355"]
[BlackElo "2362"]
[WhiteFideId "12904392"]
[BlackFideId "25050389"]
[EventDate "2022.11.10"]

1. e4 c5 2. a3 e6 3. b4 cxb4 4. axb4 Bxb4 5. Bb2 Nf6 6. e5 Nd5 7. c4 Ne7 8. Qg4
Ng6 9. h4 h5 10. Qg3 Nc6 11. Bd3 Nce7 12. Nf3 d6 13. Be4 Nf5 14. Bxf5 exf5 15.
Nc3 f4 16. Qh2 Bxc3 17. Bxc3 dxe5 18. Nxe5 O-O 19. O-O Be6 20. Rfe1 a6 21. Nxg6
fxg6 22. Rxe6 Qd3 23. Qh3 Qxc3 24. Qxc3 1-0

[Event "chess.com SpeedChess Q1Sw"]
[Site "chess.com INT"]
[Date "2022.11.10"]
[Round "5"]
[White "Pranav, V"]
[Black "Alekseenko, Kirill"]
[Result "0-1"]
[WhiteTitle "IM"]
[BlackTitle "GM"]
[WhiteElo "2548"]
[BlackElo "2687"]
[WhiteFideId "25060783"]
[BlackFideId "4135539"]
[EventDate "2022.11.10"]

1. e4 e5 2. Nf3 Nc6 3. Bc4 Nf6 4. Ng5 d5 5. exd5 Nxd5 6. Nxf7 Kxf7 7. Qf3+ Ke6
8. Nc3 Ne7 9. O-O c6 10. d4 Kd6 11. dxe5+ Kc7 12. e6 Bxe6 13. Re1 Qd7 14. Ne4
Ng6 15. Qg3+ Kc8 16. Bg5 b5 17. Bb3 Kb7 18. a4 b4 19. a5 Re8 20. c4 bxc3 21.
bxc3 Ka8 22. Ba4 Bf5 23. Rab1 Bxe4 24. Rxe4 Bd6 25. Rxe8+ Rxe8 26. Qd3 Ne5 27.
Qd4 Qf5 28. Rb2 Nf3+ 29. gxf3 Re1+ 30. Kg2 Qxg5+ 31. Qg4 Nf4+ 32. Kg3 Rg1# 0-1

[Event "chess.com SpeedChess Q1Sw"]
[Site "chess.com INT"]
[Date "2022.11.10"]
[Round "5"]
[White "Suder, Jakub"]
[Black "Vasquez Schroeder, Rodrigo"]
[Result "0-1"]
[WhiteTitle "FM"]
[BlackTitle "GM"]
[WhiteElo "2244"]
[BlackElo "2515"]
[WhiteFideId "1195310"]
[BlackFideId "3400042"]
[EventDate "2022.11.10"]

1. d4 d5 2. c4 e6 3. Nc3 c6 4. e4 dxe4 5. Nxe4 Bb4+ 6. Bd2 Qxd4 7. Bxb4 Qxe4+ 8.
Be2 Na6 9. Ba5 b6 10. Qd6 Bd7 11. Rd1 Rd8 12. Bc3 f6 13. Nf3 Nh6 14. Qd2 Nf7 15.
O-O c5 16. Bd3 Qg4 17. h3 Qh5 18. Rfe1 O-O 19. Qe3 Rfe8 20. Be4 Nb8 21. Qf4 e5
22. Qg3 Be6 23. b3 Nd6 24. Bd5 Bxd5 25. Rxd5 Nf5 26. Qh2 Nc6 27. g4 Qg6 28. Qg2
Nfd4 29. Nh4 Qd3 30. Ba1 Nb4 31. Bxd4 Nxd5 0-1

[Event "chess.com SpeedChess Q1Sw"]
[Site "chess.com INT"]
[Date "2022.11.10"]
[Round "5"]
[White "Czernikowska, Laura"]
[Black "Lopez Martinez, Josep Manuel"]
[Result "0-1"]
[WhiteTitle "WCM"]
[BlackTitle "GM"]
[WhiteElo "1559"]
[BlackElo "2493"]
[WhiteFideId "21805970"]
[BlackFideId "2212943"]
[EventDate "2022.11.10"]

1. d4 d5 2. c4 e6 3. Nf3 h6 4. Nc3 Nf6 5. Bf4 Bd6 6. Bxd6 Qxd6 7. e3 O-O 8. Rc1
c6 9. cxd5 exd5 10. h3 Re8 11. Bd3 b6 12. O-O Ba6 13. a3 Bxd3 14. Qxd3 Nbd7 15.
Rfe1 Ne4 16. b4 b5 17. Nd2 Nxd2 18. Qxd2 Nb6 19. Qd3 a5 20. Na2 Nc4 21. Rc3 axb4
22. Nxb4 Re6 23. Nc2 Rg6 24. e4 dxe4 25. Qxe4 Re6 26. Qd3 Rxe1+ 27. Nxe1 Rxa3
28. Nf3 Rxc3 29. Qxc3 Qe6 30. Qb4 g6 31. Qc5 Qd5 32. Qa7 Kg7 33. Qe7 Qe6 34. Qc5
Qd6 35. Qa7 b4 36. Qa1 Qd5 37. Qb1 Qb5 38. Qa1 b3 39. d5+ b2 40. Qb1 Na3 0-1

[Event "chess.com SpeedChess Q1Sw"]
[Site "chess.com INT"]
[Date "2022.11.10"]
[Round "5"]
[White "Namitbir, Singh Walia"]
[Black "Harsha, Bharathakoti"]
[Result "0-1"]
[WhiteTitle "FM"]
[BlackTitle "GM"]
[WhiteElo "2339"]
[BlackElo "2582"]
[WhiteFideId "35071068"]
[BlackFideId "5078776"]
[EventDate "2022.11.10"]

1. e4 Nc6 2. d4 d6 3. Nc3 Nf6 4. Nf3 g6 5. h3 Bg7 6. Be3 a6 7. Qd2 b5 8. a3 O-O
9. Bd3 e5 10. dxe5 dxe5 11. O-O Re8 12. Rad1 Nd4 13. Be2 c5 14. Bg5 Bb7 15. Rfe1
b4 16. axb4 cxb4 17. Nd5 Nxe4 18. Bxd8 Nxd2 19. Nxd4 Raxd8 20. Rxd2 Bxd5 21. Nf3
Bb7 22. Rxd8 Rxd8 23. Rd1 Rxd1+ 24. Bxd1 e4 25. Nd2 Bxb2 26. Nc4 Bc3 27. Nd6 Bd5
28. Be2 a5 29. Bb5 f5 30. Kf1 Kf8 31. Ke2 Ke7 32. Nc8+ Ke6 33. Nb6 Bb7 34. Ba4
f4 35. Bb3+ Kf5 36. Nc4 Ba6 37. Kd1 a4 38. Nd6+ Ke5 39. Nf7+ Kf6 40. Bd5 e3 41.
fxe3 fxe3 0-1